书目信息 |
| 题名: |
细菌肥料培制技术
|
|
| 作者: | ;农业部粮食作物生产局 , 商业部生产资料管理局 编 | |
| 分册: | ||
| 出版信息: | 北京 农业出版社 1959 |
|
| 页数: | 212页 | |
| 开本: | 21cm | |
| 丛书名: | ||
| 单 册: | ||
| 中图分类: | TQ446 | |
| 科图分类: | ||
| 主题词: | 细菌肥料--制造--教材 | |
| 电子资源: | ||
| ISBN: | 16144.418 | |
| 000 | 00815nam0 2200241 450 | |
| 001 | 0105455769 | |
| 005 | 20020928000000.0 | |
| 010 | @a16144.418@dCNY0.65 | |
| 091 | @a16144.418 | |
| 100 | @a19960423d1959 em y0chiy0110 ea | |
| 101 | 0 | @achi |
| 102 | @aCN@b110000 | |
| 105 | @af z 000yy | |
| 106 | @ar | |
| 200 | 1 | @a细菌肥料培制技术@9Xi Jun Fei Liao Pei Zhi Ji Shu;Zhu @e细菌肥料训练班讲义@f农业部粮食作物生产局,商业部生产资料管理局编@b专著 |
| 210 | @a北京@c农业出版社@d1959 | |
| 215 | @a212页@c图表@d21cm | |
| 606 | 0 | @a细菌肥料@x制造@x教材 |
| 690 | @aTQ446@v3 | |
| 711 | 02 | @a农业部粮食作物生产局@9nong ye bu liang shi zuo wu sheng chan ju@4编 |
| 711 | 02 | @a商业部生产资料管理局@9shang ye bu sheng chan zi liao guan li ju@4编 |
| 801 | 0 | @aCN@b上海图书馆@c19970403 |
| 905 | @aBZT@dTQ446@e1@f5@sTQ446/1 | |
| 细菌肥料培制技术:细菌肥料训练班讲义/农业部粮食作物生产局,商业部生产资料管理局编.-北京:农业出版社,1959 |
| 212页:图表;21cm |
| ISBN 16144.418:CNY0.65 |
| ● |
| 相关链接 |
|
|
|
正题名:细菌肥料培制技术
索取号:TQ446/1
 
预约/预借
| 序号 | 登录号 | 条形码 | 馆藏地/架位号 | 状态 | 备注 |
| 1 | 2000038748 | 2000038748 | 旧书回溯/ [索取号:TQ446/1] | 在馆 | |
| 2 | 2000038749 | 2000038749 | 旧书回溯/ [索取号:TQ446/1] | 在馆 | |
| 3 | 2000038750 | 2000038750 | 旧书回溯/ [索取号:TQ446/1] | 在馆 | |
| 4 | 2000115251 | 2000115251 | 旧书回溯/ [索取号:TQ446/1] | 在馆 | |
| 5 | 2000115252 | 2000115252 | 旧书回溯/ [索取号:TQ446/1] | 在馆 |